01663nab a2200241uuc4500001000800000005001700008008004100025035001200066035002100078040001300099041000800112100003700120245012300157520080600280650002501086650002601111650002701137650001901164650005201183700004001235700004401275773010201319129056420240202105101.0120719e20111201 spa  a1290564 a(OCoLC)820649972 ccomduadb aspa10aBarrera Causil, Carlos4auteaut10aEstimación por Intervalos de Probabilidad a Posteriori para la Proporción de Estudiantes Universitarios Desertores3 aEn este artículo se presenta la estimación por intervalos de probabilidad a posteriori de la proporción de estudiantes que desertan del Instituto Tecnológico Metropolitano (ITM) según algunos factores influyentes. Nuestro interés es determinar la proporción de estudiantes que desertan de dicha institución según los factores académico, laboral y personal. Se usó metodología bayesiana, implementando procesos de elicitación y método Delphi. Dentro de los resultados, se evidenció que, con una probabilidad del 95% se afirma que el factor laboral tiene un porcentaje a posteriori de incidencia en la deserción del ITM entre el 30,4% y 44,6%. Además, se notó que el factor laboral y el académico son los más influyentes en la deserción de la institución. aIntervalos de tiempo 7aProbabilidades2embne aEstimación espectral aDistribuciones aTeoría bayesiana de decisiones estadísticas 0aSandoval, Juan de Jesús4auteaut10aSepúlveda-Murillo, Fabio H.4auteaut0 tTecnoLógicas (Medellin)gNúmero 27, Julio-Diciembre 2011, p. 75-87w586774x0123-77990147622